Theotokos (Record no. 112096)

MARC details
000 -LEADER
campo de control de longitud fija 00546nam a2200157 4500
001 - NÚMERO DE CONTROL
campo de control 112096
003 - IDENTIFICADOR DE NÚMERO DE CONTROL
campo de control ES-MaACL
007 - CAMPO FIJO DE DESCRIPCIÓN FÍSICA--INFORMACIÓN GENERAL
campo de control de longitud fija t|
008 - DATOS DE LONGITUD FIJA--INFORMACIÓN GENERAL
campo de control de longitud fija 061121s1967 sp r ||||1| spa d
100 1# - ENTRADA PRINCIPAL--NOMBRE DE PERSONA
Nombre de persona Nicolás, M. J.
9 (RLIN) 85568
245 10 - MENCIÓN DEL TÍTULO
Título Theotokos
Resto del título : el misterio de María /
Mención de responsabilidad, etc. M. J. Nicolás; [traducción de la comunidad de religiosas del monasterio de San Benito (Montserrat)].
260 ## - PUBLICACIÓN, DISTRIBUCIÓN, ETC.
Lugar de publicación, distribución, etc. Barcelona :
Nombre del editor, distribuidor, etc. Herder,
Fecha de publicación, distribución, etc. 1967.
300 ## - DESCRIPCIÓN FÍSICA
Extensión 288 p. ;
Dimensiones 22 cm.
710 2# - ENTRADA AGREGADA--NOMBRE DE ENTIDAD CORPORATIVA
Nombre de entidad corporativa o nombre de jurisdicción como elemento de entrada Monasterio de San Benito (Montserrat)
9 (RLIN) 5742
852 ## - LOCALIZACIÓN
Ubicación ES-MaACL
Número de control de estantería G-5585
Sublocalización o colección R.65642
Holdings
Estatus retirado Estado de pérdida Estado de daño No para préstamo Biblioteca de origen Biblioteca actual Ubicación en estantería Fecha de adquisición Fuente de adquisición Total de préstamos Signatura topográfica completa Código de barras Visto por última vez Precio de reemplazo Tipo de ítem Koha
        Biblioteca del Ateneo de Madrid Biblioteca del Ateneo de Madrid Depósito 2 17/01/2008     G-5585 1116928 23/02/2023 23/02/2023 Libro impreso